000 00351cam a22001337a 4500
008 180718b1982 xxu||||| |||| 00| 0 eng d
082 _aBA27x5415 N153
100 _aNanda, Neeru
245 _aTawang: the land of mon
_cby Neeru Nanda
260 _aDelhi
_bVikas
_c1982
300 _a156p.
650 _aTawang (India).
650 _aMonpa (Indic people)
999 _c349640
_d349640